Регионална библиотека "Любен Каравелов" - Русе

В голямата политика (Запис номер 21221)

MARC детайли
000 -Лидер
Контролно поле с фиксирана дължина 01456nam a2200349 c 4500
003 - Код на организацията, давaща контролен номер
Контролно поле BLK
005 - Дата и час на последна редакция
Контролно поле 20250128005507.0
008 - Елементи от данни с фиксирана дължина
fixed length control field 180413b bul|||||r ||||||| ||bul||
010 ## - Наследен системен номер
LC control number KNG00023497000
020 ## - Международен стандартен номер на книга ISBN
Международен стандартен номер на книга ISBN 954-528-097-2
-- издат.: Труд
040 ## - Източник на каталожния запис
Идентификатор на билиотеката - собственик на записа BLK
041 ## - Код за език
Код за езика на текст/звукозапис или на отделно заглавие Български
Код за езика КДБФ Български
080 ## - УДК
Текстов определител УДК Международни политически отношения. Световна политика. Международна политика. Дипломация
УДК код - определител по УДК 327
УДК определител (497.2)
УДК - код + определител 327(497.2)
100 1# - Редна дума - Автор
Автор Желев, Желю Митев
Дати, свързани с автора 1935-2015
Автор - информация (биография) Политик. Философ
R(LIN) 368984
139 ## - Редно поле
Редна дума Желев, Желю Митев
Авторски знак Желе - Ж 34
245 10 - Сведения за заглавието
Заглавие В голямата политика
Редно поле (дума) Желю Митев Желев.
257 ## - Страна на издаване
Страна на създаване/издаване България
260 ## - Област на издателските данни
-- София
Име на издателя, разпространителя и проч. Труд
Година на издаване 1998
Печатница София : Д. Благоев 2
300 ## - Физическа характеристика
Страници 336 с.
Илюстрации и др. с ил., 8 л. ил.
Размери/Мащаб 21 см
380 ## - Жанр
Жанр Обществени науки
500 ## - Общи забележки
Забележка 1 700 тир. - Рез. на англ. ез. ; Именен показалец.
650 #4 - Допълнително описание по предмет – тема
Основно описание – тема или топоним Външна политика - България
9 (RLIN) 245367
650 #7 - Допълнително описание по предмет – тема
Основно описание – тема или топоним България - външна политика
Източник на редна или ключова дума
9 (RLIN) 149489
651 #4 - Допълнително описание по предмет - топоним
Географско понятие България
9 (RLIN) 241624
653 ## - Ключова дума – ненормативна
Ключова дума външна политика
852 ## - Местоположение
Форматна сигнатура Цб 197673
856 4# - Електронен адрес и достъп
Електронен формат pdf - файл
Път до файла /url/
856 4# - Електронен адрес и достъп
Електронен формат pdf - файл
Път до файла /url/
942 ## - АРТИКУЛИ
Вид на библиотечния материал Книги
Скрит в OPAC Не
944 ## - СЪЗДАВАНЕ И РЕДАКЦИЯ на ЗАПИСА
Създаване/Редакция Създаване
Дата на регистрацията/редакция 15.01.2003
Статус, дата на статуса CRON CRON
Служител, извършил регистрацията/редакцията
944 ## - СЪЗДАВАНЕ И РЕДАКЦИЯ на ЗАПИСА
Създаване/Редакция Редакция
Дата на регистрацията/редакция 08.05.2015
Статус, дата на статуса ф /
Служител, извършил регистрацията/редакцията Людмила_Стоянова
999 ## - СИСТЕМНИ КОНТРОЛНИ НОМЕРА
Koha biblionumber 21221
Koha biblioitemnumber 21221
Наличности
Код за отписване Код за изгубен артикул Източник на класификационната схема Код за повреда Коз за рестрикции Код за отдаване Артикулен № Име на библиотеката - собственик Име на библиотеката, в която се намира в момента Статус (Текущо местоположение) Дата на вписване в системата Местоположение - отдел Цена в лева Инвентарен номер Систематично азбучна сигнатура Баркод Номер на екземпляра Цена в евро Служебна бележка Служебен тип на артикула
  Не е изгубен Universal Decimal Classification Не е повреден без рестрикции ползва се в читалня 35064 Регионална библиотека "Любен Каравелов" Русе Регионална библиотека "Любен Каравелов" Русе Хранилище 2001-01-01 Хранилище 6.50 642719 Цб 197673 120000642719 1 3.32 Дост: Dp Вид: Д N: стар фонд Дата: 01.01.2015 Книги
  Не е изгубен   Не е повреден без рестрикции заемане за дома 35065 Регионална библиотека "Любен Каравелов" Русе Регионална библиотека "Любен Каравелов" Русе Заемна - подръчен фонд 2015-04-27 Заемна - подръчен фонд 18.00 120000787590 П 327/Ж 34 120000787590 2 9.20 Дост: DA Вид: А N: 7 Дата: 27.04.2015 Дата инв: 02.02.2018 Бележки инв: П2018 Книги
Vip Innovations Ltd, Rousse, Bulgaria 2025